| 000 | 00922nam a2200241Ia 4500 | ||
|---|---|---|---|
| 005 | 20211112075638.0 | ||
| 008 | 130821s2011 sp ab fr spa | ||
| 020 | _a9788499850474 | ||
| 040 |
_aCO-BoUCM _bspa _cJose A. Gerena (modificó) _d[Nuevo] |
||
| 041 | 0 | 0 | _aspa |
| 100 | 1 |
_aMéndez Gutiérrez del Valle, Ricardo _953896 |
|
| 245 | 1 | 3 |
_aEl nuevo mapa geopolítico del mundo _cRicardo Méndez Gutiérrez del Valle ; cartografía de Daniel Méndez García |
| 260 |
_aValencia (España) _bTirant lo Blanch _c2011 |
||
| 300 |
_a312 páginas _bilustraciones, mapas, graficas |
||
| 490 | 0 | _aColección Crónica | |
| 504 | _aIncluye referencias bibliográficas | ||
| 650 |
_aCiencia política _9340 |
||
| 650 | 7 |
_aGeopolítica _9215 |
|
| 650 | 7 |
_aRelaciones internacionales _98042 |
|
| 700 | 1 |
_aMéndez García, Daniel _953897 |
|
| 942 |
_cLIBRO _a6 _e1 _mM538n _2DEWEY _h327.101 |
||
| 999 |
_c77128 _d77128 |
||